[Event "HUN-chT2 Asztalos 1213"]
[Site "Hungary"]
[Date "2012.10.07"]
[Round "2.8"]
[White "Waszner, Karoly"]
[Black "Kokeny, Ferenc"]
[Result "1/2-1/2"]
[WhiteElo "1919"]
[BlackElo "1805"]
[PlyCount "23"]
[EventDate "2012.09.16"]
[EventType "team-tourn"]
[EventRounds "9"]
[EventCountry "HUN"]
[SourceTitle "EXT 2014"]
[Source "ChessBase"]
[SourceDate "2013.11.20"]
[SourceVersion "1"]
[SourceVersionDate "2013.11.20"]
[SourceQuality "1"]
[WhiteTeam "Mohacs"]
[BlackTeam "Pecs Karmin"]
[WhiteTeamCountry "HUN"]
[BlackTeamCountry "HUN"]

1. e4 c5 2. Bc4 e6 3. Nf3 Nf6 4. e5 Nd5 5. Bxd5 exd5 6. 0-0 Be7 7. d4 d6 8. h3 0-0 9. Nc3 Be6 10. Bf4 Nc6 11. Re1 a6 12. a4 1/2-1/2

[Event "HUN-chT2 Asztalos 1112"]
[Site "Hungary"]
[Date "2011.11.27"]
[Round "4.7"]
[White "Kokeny, Ferenc"]
[Black "Nemeth, Attila"]
[Result "1-0"]
[WhiteElo "1826"]
[BlackElo "1584"]
[PlyCount "43"]
[EventDate "2011.09.25"]
[EventType "team-tourn"]
[EventRounds "11"]
[EventCountry "HUN"]
[SourceTitle "EXT 2013"]
[Source "ChessBase"]
[SourceDate "2012.11.22"]
[SourceVersion "1"]
[SourceVersionDate "2012.11.22"]
[SourceQuality "1"]
[WhiteTeam "Pecs Karmin"]
[BlackTeam "Komlo"]
[WhiteTeamCountry "HUN"]
[BlackTeamCountry "HUN"]

1. e4 c5 2. Nf3 Nc6 3. d4 cxd4 4. Nxd4 a6 5. Nc3 e5 6. Nxc6 dxc6 7. Qxd8+ Kxd8 8. Be3 b5 9. Bb6+ Ke8 10. Ba5 Bc5 11. Be2 Bd4 12. 0-0-0 Be6 13. f4 Be3+ 14. Kb1 Bxf4 15. Rd6 Bd7 16. Rhd1 Nf6 17. Bg4 Ra7 18. Bxd7+ Rxd7 19. g3 Be3 20. Rxc6 Rg8 21. Rc8+ Ke7 22. Bb4+ 1-0

[Event "HUN-chT2 Asztalos 1011"]
[Site "Hungary"]
[Date "2011.04.10"]
[Round "8.5"]
[White "Kadlicsko, Jozsef"]
[Black "Kokeny, Ferenc"]
[Result "1/2-1/2"]
[WhiteElo "2104"]
[BlackElo "1850"]
[PlyCount "62"]
[EventDate "2010.09.12"]
[EventType "team-tourn"]
[EventRounds "11"]
[EventCountry "HUN"]
[SourceTitle "EXT 2012"]
[Source "ChessBase"]
[SourceDate "2011.11.24"]
[SourceVersion "1"]
[SourceVersionDate "2011.11.24"]
[SourceQuality "1"]
[WhiteTeam "Fehervar"]
[BlackTeam "Pecs Karmin"]
[WhiteTeamCountry "HUN"]
[BlackTeamCountry "HUN"]

1. d4 d5 2. Nf3 Nf6 3. c4 c6 4. Nc3 Bf5 5. e3 e6 6. a3 Be7 7. Be2 0-0 8. 0-0 Nbd7 9. b3 Ne4 10. Bb2 Nxc3 11. Bxc3 Bg4 12. h3 Bh5 13. Qc2 Bxf3 14. Bxf3 f5 15. Bb2 Bd6 16. g3 Qg5 17. Bg2 Nf6 18. Qe2 Ne4 19. Qe1 Rf6 20. Kh2 Rg6 21. f4 Qxg3+ 22. Qxg3 Nxg3 23. Rf2 Nh5 24. Rc1 Be7 25. Bf3 Rh6 26. Rg1 Kf7 27. Rfg2 Rg8 28. Bc1 Nf6 29. Rc2 Ne4 30. Bxe4 fxe4 31. b4 g5 1/2-1/2